Planning For An Expanding Economy (Record no. 18482)

MARC details
000 -LEADER
fixed length control field 00435nam a2200145Ia 4500
008 - FIXED-LENGTH DATA ELEMENTS--GENERAL INFORMATION
fixed length control field 211109s9999||||xx |||||||||||||| ||und||
082 ## - DEWEY DECIMAL CLASSIFICATION NUMBER
Classification number 338.9
Item number VAK-P
100 ## - MAIN ENTRY--PERSONAL NAME
Personal name Vakil, C N
245 #0 - TITLE STATEMENT
Title Planning For An Expanding Economy
260 ## - PUBLICATION, DISTRIBUTION, ETC.
Name of publisher, distributor, etc. Vora & Co
Place of publication, distribution, etc. Bombay
Date of publication, distribution, etc. 1956
300 ## - PHYSICAL DESCRIPTION
Extent 404p.
630 ## - SUBJECT ADDED ENTRY--UNIFORM TITLE
General subdivision General Stack
650 ## - SUBJECT ADDED ENTRY--TOPICAL TERM
Topical term or geographic name entry element Economic Development
942 ## - ADDED ENTRY ELEMENTS (KOHA)
Koha item type BOOK
650 ## - SUBJECT ADDED ENTRY--TOPICAL TERM
Form subdivision economicssocial scienceSocial sciences--Study and teaching
General subdivision Economics
Holdings
Withdrawn status Lost status Damaged status Not for loan Home library Current library Date acquired Cost, normal purchase price Total Checkouts Full call number Barcode Shelving location Date last seen Price effective from Koha item type
        SB LIBRARY SB LIBRARY 09/11/2021 50.00   338.9 VAK-P 00019158 GENERAL STACK 09/11/2021 09/11/2021 BOOK

Powered by Koha